000 00623nam a22002417a 4500
003 UA-OsUOA
001 70143
007 ta
008 20100831b un ||||| |||| 00| 0 ukr d
100 _aВолошин М.
090 _a821.161-1
_bВ68
942 _cBK
040 _aUA-OsUOA
_brus
_cUA-OsUOA
_dUA-OsUOA
245 _aЛики творчества
300 _a848 с.
955 _a2
041 _arus
080 _a821.161-1
020 _a5-02-028024-0
260 _aЛенинград
_bНаука
_c1989
650 7 _a82 Література. Літературознавство
_2UDC
999 _c356413
_d356413